Ranking of Russian higher education institutions; Higher Education in Europe; Vol. 32, Iss. 1, April

Detalles Bibliográficos
Parent link:Higher Education in Europe.— , 2007
Vol. 32, Iss. 1, April.— 2007.— P. 31-47
Otros Autores: Pokholkov Y. P. Yuri Petrovich, Чучалин А. И. Александр Иванович, Agranovich B. L. Boris Lvovich, Mogilnitsky S. B.
Sumario:This article considers some patterns of ranking higher education institutions which are used in the Russian Federation to reveal strengths and weaknesses in meeting the national individual, societal and state-related needs, as well as those of the international academic community concerning relevant information on Russian higher education institutions
В фонде НТБ ТПУ отсутствует
Lenguaje:inglés
Publicado: 2007
Materias:
Formato: Capítulo de libro
KOHA link:https://koha.lib.tpu.ru/cgi-bin/koha/opac-detail.pl?biblionumber=598700

MARC

LEADER 00000naa0a2200000 4500
001 598700
005 20250807102331.0
035 |a (RuTPU)RU\TPU\tpu\22461 
090 |a 598700 
100 |a 20130117d2007 k||y0rusy50 ba 
101 0 |a eng 
102 |a GB 
200 1 |a Ranking of Russian higher education institutions  |f Y. P. Pokholkov [et al.] 
320 |a References: 3 tit. 
330 |a This article considers some patterns of ranking higher education institutions which are used in the Russian Federation to reveal strengths and weaknesses in meeting the national individual, societal and state-related needs, as well as those of the international academic community concerning relevant information on Russian higher education institutions 
333 |a В фонде НТБ ТПУ отсутствует 
461 |t Higher Education in Europe  |d 2007 
463 |t Vol. 32, Iss. 1, April  |v P. 31-47  |d 2007 
610 1 |a труды учёных ТПУ 
701 1 |a Pokholkov  |b Y. P.  |c specialist in the field of electrical engineering, Doctor of technical sciences  |c Rector of the TPU (1990 - 2008), professor  |f 1939-  |g Yuri Petrovich  |x TPU  |y Tomsk  |3 (RuTPU)RU\TPU\pers\24842  |9 11046 
701 1 |a Чучалин  |b А. И.  |c профессор Томского политехнического университета, доктор технических наук  |c проректор по образовательной и международной деятельности  |f 1952-  |g Александр Иванович  |3 (RuTPU)RU\TPU\pers\22021  |9 9318 
701 1 |a Agranovich  |b B. L.  |c specialist in radioengineering  |c Candidate of technical sciences, Professor of Tomsk Polytechnic University (TPU)  |f 1938-  |g Boris Lvovich  |3 (RuTPU)RU\TPU\pers\29474  |9 14017 
701 1 |a Mogilnitsky  |b S. B. 
801 1 |a RU  |b 63413507  |c 20130117 
942 |c CR